[Event "ECU Clasif2 U20"]
[Site "Chess.com INT"]
[Date "2020.12.18"]
[Round "4"]
[White "Hernandez Diaz, Paula Sofia"]
[Black "Huerta Chacon, Jonnathan Huerta"]
[Result "0-1"]
[WhiteElo "1329"]
[BlackElo "1281"]
[PlyCount "88"]
[EventDate "2020.12.18"]
[EventType "swiss"]
[EventRounds "9"]
[EventCountry "ECU"]
[SourceTitle "EXT 2022"]
[Source "ChessBase"]
[SourceDate "2021.10.06"]
[SourceVersion "1"]
[SourceVersionDate "2021.10.06"]
[SourceQuality "1"]

1. c4 Nf6 2. Nc3 e5 3. g3 Bb4 4. Bg2 0-0 5. Nd5 Nxd5 6. Bxd5 c6 7. Bg2 d5 8. a3 Be7 9. cxd5 cxd5 10. d3 Nc6 11. Nf3 Kh8 12. 0-0 f5 13. b4 e4 14. dxe4 fxe4 15. Nd4 Nxd4 16. Qxd4 Bf6 17. Qd2 Bxa1 18. Bb2 Bxb2 19. Qxb2 Be6 20. f3 Qb6+ 21. Kh1 e3 22. Rd1 Rac8 23. f4 Rfd8 24. h4 d4 25. Be4 Bd5 26. Qb1 Qc6 27. Bxd5 Qxd5+ 28. Kh2 a6 29. Rd3 h6 30. Qf1 Rc3 31. Rd1 Rxa3 32. f5 d3 33. exd3 Rxd3 34. Re1 Rd2+ 35. Kh3 Qd3 36. Qf4 Re8 37. f6 Qd7+ 38. g4 Rd4 39. fxg7+ Qxg7 40. Qg3 e2 41. Qf2 Qxg4+ 42. Kh2 Qxh4+ 43. Qxh4 Rxh4+ 44. Kg2 Rxb4 0-1

[Event "ECU Clasif1 U20"]
[Site "Chess.com INT"]
[Date "2020.12.17"]
[Round "5"]
[White "Huerta Chacon, Jonnathan Huerta"]
[Black "Buestan Brito, Anaela Elizabeth"]
[Result "1-0"]
[WhiteElo "1281"]
[BlackElo "1725"]
[PlyCount "45"]
[EventDate "2020.12.17"]
[EventType "swiss"]
[EventRounds "9"]
[EventCountry "ECU"]
[SourceTitle "EXT 2022"]
[Source "ChessBase"]
[SourceDate "2021.10.06"]
[SourceVersion "1"]
[SourceVersionDate "2021.10.06"]
[SourceQuality "1"]

1. e4 c5 2. Nc3 Nc6 3. f4 g6 4. Nf3 Bg7 5. Bb5 a6 6. Bxc6 dxc6 7. 0-0 b5 8. a3 Nf6 9. d3 0-0 10. Qe1 b4 11. Na4 Nd7 12. axb4 cxb4 13. Qxb4 a5 14. Qe1 Ba6 15. Qh4 c5 16. f5 c4 17. Bh6 cxd3 18. Ng5 Bd4+ 19. Kh1 Re8 20. fxg6 hxg6 21. Bg7 Bxg7 22. Qh7+ Kf8 23. Ne6# 1-0